Ministerial statement on safety, security and women /

Saved in:
Bibliographic Details
Main Author: Sandon, Malcolm, 1945-
Format: Book
Language:English
Published: [199-]
Subjects:
LEADER 00907cam a2200253 a 4500
001 c000413985
003 CARM
005 00000000000000.0
008 000203| aca f000 0 eng d
019 1 |a 22989130 
035 |a (OCoLC)223225459 
040 |a VDU  |b eng  |c VDU 
042 |a anuc 
043 |a u-at--- 
082 0 4 |a 362.88082  |2 21 
100 1 |a Sandon, Malcolm,  |d 1945- 
245 1 0 |a Ministerial statement on safety, security and women /  |c by the Hon. Mal Sandon, Minister for Police and Emergency Services; Minister for Corrections. 
260 |c [199-] 
300 |a 28 p. ;  |c 30 cm. 
500 |a Cover title. 
650 0 |a Women  |x Crimes against  |z Australia. 
852 8 |b CARM  |h A3:AG13D0  |i F08150  |p 0566924  |f BK 
999 f f |i ca52b815-c48f-55f6-8153-c932e05899c1  |s 6544d2d8-48e0-55fe-9138-952d58bfe215 
952 f f |p Can circulate  |a CAVAL  |b CAVAL  |c CAVAL  |d CARM 1 Store  |e F08150  |f A3:AG13D0  |h Other scheme  |i book  |m 0566924